Application in Basic Marketing : Clipping from the popular Business press (Record no. 4127)

MARC details
005 - DATE AND TIME OF LATEST TRANSACTION
control field 20250616120615.0
020 ## - INTERNATIONAL STANDARD BOOK NUMBER
International Standard Book Number 0-07-286469-9
082 ## - DEWEY DECIMAL CLASSIFICATION NUMBER
Classification number 658.8 PER
100 ## - MAIN ENTRY--PERSONAL NAME
Author name PERREAULT, W.
245 ## - TITLE STATEMENT
Title Application in Basic Marketing : Clipping from the popular Business press
250 ## - EDITION STATEMENT
Edition statement 2003.2004 Ed.
260 ## - PUBLICATION, DISTRIBUTION, ETC.
Place of publication, distribution, etc. NewYork
Name of publisher, distributor, etc. McGraw-Hill Irwin
Date of publication, distribution, etc. 2004.
300 ## - PHYSICAL DESCRIPTION
Extent vii,95p.: ill.; picture
Dimensions 25cm
700 ## - ADDED ENTRY--PERSONAL NAME
Other authors/Editors E.Jerome McCarthy
942 ## - ADDED ENTRY ELEMENTS (KOHA)
Source of classification or shelving scheme Dewey Decimal Classification
Koha item type Books
Holdings
Date last seen Total checkouts Full call number Barcode Cost, replacement price Price effective from Koha item type Lost status Source of classification or shelving scheme Damaged status Not for loan Withdrawn status Home library Current library Shelving location Date acquired Source of acquisition Cost, normal purchase price
06/29/2025   658.8 PER DOM0004438 45000.00 06/29/2025 Books   Dewey Decimal Classification       CBE Dodoma CBE Dodoma General Collection 06/03/2009   15000.00
06/16/2025   658.8 PER MZA0001229 35302.23 06/16/2025 Books   Dewey Decimal Classification       CBE Mwanza CBE Mwanza General Collection 07/07/2007 Library Budget 11767.41
06/25/2025   658.8 PER MZA0002046 35302.23 06/25/2025 Books   Dewey Decimal Classification       CBE Mwanza CBE Mwanza General Collection 06/05/2017 Library Budget 11761.41